Kto nahral tieto piesne - hudobné skupiny - Statistics

General Stats
  • This quiz has been taken 6 times
  • The average score is 9 of 20
Answer Stats
Piesne Hudobná skupina % Correct
You Shook Me All Night Long / Hells Bells / Shoot to Thrill AC/DC
83%
I Wanna Hold Your Hand / Let It Be / Penny Lane The Beatles
83%
Burn It Down / Somewhere I Belong / In The End Linkin Park
67%
Far Away / Rockstar / How You Remind Me Nickelback
67%
Stand By Me / Wonderwall / Champagne Supernova Oasis
67%
Everybody Hurts / Shiny Happy People / Imitation Of Life R.E.M.
67%
Club Tropicana / Wake Me Up Before You Go Go / Everything She Wants Wham!
67%
Rock And Roll All Nite / Lick It Up / I Was Made For Lovin You Kiss
50%
Shout / Everybody Wants To Rule The World / Woman In Chains Tears for Fears
50%
Do I Wanna Know? / R U Mine? / Fluorescent Adolescent Arctic Monkeys
33%
Massachusetts / Night Fever / How Deep Is Your Love Bee Gees
33%
Dreams / Go Your On Way / The Chain Fleetwood Mac
33%
Never Tear Us Apart / Mystify / Need You Tonight INXS
33%
Who Can It Be Now? / Down Under / Overkill Men at Work
33%
Toxicity / Lonely Day / Aerials System of a Down
33%
Hot For Teacher / Jump / Eruption Van Halen
33%
My Way / Behind Blue Eyes / My Generation Limp Bizkit
17%
Time / Comfortably Numb / Wish You Were Here Pink Floyd
17%
Light My Fire / People Are Strange / L. A. Woman The Doors
17%
La Grange / Gimme All Your Lovin' / Sharp Dressed Man ZZ Top
17%
No matching quizzes found
Score Distribution
Percent of People with Each Score
Percentile by Number Answered
Your Score History
You have not taken this quiz